00460nam a2200169 a 450000100060000000300090000600800410001502000150005604000280007108200150009910000320011424500290014626000410017530000100021649000320022665000320025810465CO-ViMGA141112s2004 ck r 000 u spa d a9682450780 aCO-ViMGAbspacCO-ViMGA04a070.4 H15p1 aHall ; Kevin, Merino Ruth, 10aPeriodismo y Creatividad aMexico : bEditorial Trillas, c1995 a258p. aPeriodismo LatinoAmérican14aPERIODISMO COMO PROFESIONAL